00470nam a22001577a 4500003000900000005001700009007000300026008003200029020001800061040002500079100002300104245004600127260005200173300002100225500006600246DO-SdBNP20210906150749.0ta210906b 2018 dr 00| 0 eng d a9789945912203 aDO-SdBNPbspacBNPHU1 aHuerta, Adriana de13aLa iglesia perfecta /cAdriana de H{uerta aSanto Domingo :bPublicaciones Libertad,c2018. a181 p. ;c21 cm. aIncluye datos biográficos de la autora en la contracubierta